000 00639nam a2200241Ia 4500
003 OSt
005 20220918223002.0
006 a|||||r|||| 00| 0
007 ta
008 220917b |||||||| |||| 00| 0 eng d
024 _a219,744
037 _cTextual
040 _aARTS
_cARTS
_beng
041 _2eng
_aeng
082 _aS:52, P3
100 _aEkman Paul
_985882
245 0 _aEmotions Revealed
_b understanding faces and feelings.
260 _aLondon
_bWeidenfeld & Nicolson
_c2003
300 _axv,267p.
_ccm.
650 _aPSYCHOLOGY
942 _hS:52, P3
_cTEXL
_2CC
999 _c277056
_d277056